It looks like you're offline.
Open Library logo
additional options menu

MARC record from Internet Archive

LEADER: 01374cam a2200277 a 4500
001 2389367
035 $a909343
005 20121115175528.0
008 901213s1895 mau 000 0 eng u
010 $a 04005347
035 $aocm01506225$z04005347
040 $cJPL$dm.c.$dMB$dUtOrBLW
050 00 $aDK26$b.H25
082 0 $a914.7
100 1 $aHapgood, Isabel Florence,$d1850-1928.
245 10 $aRussian rambles /$cby Isabel F. Hapgood ...
260 $aBoston and New York :$bHoughton, Mifflin and company,$c1895.
300 $axi p., 1 leaf, 369 p. ;$c20 cm.
500 $aOCLC number: ocm01506225.
505 0 $aPassports, police, and post-office in Russia.--The Névsky prospékt.--My experience with the Russian censor.--Bargaining in Russia.--Experiences.--A Russian summer resort.--A stroll in Moscow with Count Tolstóy.--Count Tolstóy at home.--A Russian holy city.--A journey on the Volga.--The Russian kymýs cure.--Moscow memories.--The Nizhni-Nóvgorod fair and the Volga.
651 0 $aSoviet Union$xDescription and travel.
914 $a909343
949 $a1$bBANF$cBNC
852 $aBPL - Delivery Desk$bNonfiction - In Library Use Only$hDK26$i.H25$o10$p37777005595244$rIn$wBook$y1$7True$90
852 $aBPL - Special Collections$kHOUGHTON MIFFLIN$o9$p39999097767741$rIn$wBook$y1$7False$90
999 $bDK26 .H25$c0$g2$h2$i2$j2$k0$xDK26 .H25$z0$!2